[Event "Moscow Open 2009 A"]
[Site ""]
[Date "2009.02.08"]
[Round "9.55"]
[White "Bukavshin, Ivan"]
[Black "Papin, Vasily"]
[Result "1/2-1/2"]
[WhiteElo "2326"]
[BlackElo "2456"]
[Annotator ""]
[Source ""]
[Remark ""]

1.c4 e6 2.Nc3 c5 3.Nf3 Nf6 4.g3 b6 5.Bg2 Bb7 6.O-O Be7 7.d4 cxd4
8.Qxd4 d6 9.b3 Nbd7 10.Bb2 a6 11.Rfd1 O-O 12.Qf4 Qc7 13.Rac1 1/2-1/2

[Event "Moscow Open 2009 A"]
[Site ""]
[Date "2009.02.08"]
[Round "9.56"]
[White "Gubajdullin, Alexei"]
[Black "Gerasimov, Ivan"]
[Result "0-1"]
[WhiteElo "2454"]
[BlackElo "2342"]
[Annotator ""]
[Source ""]
[Remark ""]

1.e4 c5 2.Nf3 d6 3.Nc3 Nf6 4.d4 cxd4 5.Nxd4 a6 6.Bg5 e6 7.f4
Nc6 8.Qd2 Qb6 9.Bxf6 gxf6 10.Nb3 Bd7 11.Be2 h5 12.O-O-O O-O-O
13.Rhf1 Kb8 14.Rf3 Be7 15.Rh3 h4 16.Qe1 Bc8 17.Kb1 Rdg8 18.Bf3
Qd8 {Íåðàçáîð÷èâàÿ íîòàöèÿ} 0-1

[Event "Moscow Open 2009 A"]
[Site ""]
[Date "2009.02.08"]
[Round "9.57"]
[White "Matsenko, Sergei"]
[Black "Kashlinskaya, Alina"]
[Result "1-0"]
[WhiteElo "2429"]
[BlackElo "2302"]
[Annotator ""]
[Source ""]
[Remark ""]

1.e4 c5 2.Nf3 d6 3.d4 cxd4 4.Qxd4 Nc6 5.Bb5 Bd7 6.Bxc6 Bxc6 7.Nc3
e6 8.Bg5 Nf6 9.O-O-O Be7 10.Qd3 O-O 11.Nd4 Qa5 12.f4 Qd8 13.h4
Be8 14.f5 Rc8 15.fxe6 fxe6 16.Nxe6 1-0

[Event "Moscow Open 2009 A"]
[Site ""]
[Date "2009.02.08"]
[Round "9.58"]
[White "Kuporosov, Viktor"]
[Black "Inants, Aghasi"]
[Result "0-1"]
[WhiteElo "2422"]
[BlackElo "2192"]
[Annotator ""]
[Source ""]
[Remark ""]

1.e4 c5 2.Nf3 e6 3.g3 Nc6 4.Bg2 Nf6 5.d3 d5 6.Qe2 Be7 7.O-O O-O
8.Re1 dxe4 9.dxe4 e5 10.c3 a6 11.Nbd2 b5 12.Nf1 b4 13.h3 a5 14.a4
Ba6 15.Qe3 Nd7 {Íåðàçáîð÷èâàÿ Íîòàöèÿ} 0-1

[Event "Moscow Open 2009 A"]
[Site ""]
[Date "2009.02.08"]
[Round "9.59"]
[White "Prosviriakov, Vladimir"]
[Black "Vorotnikov, Vladislav V"]
[Result "1/2-1/2"]
[WhiteElo "2305"]
[BlackElo "2421"]
[Annotator ""]
[Source ""]
[Remark ""]

1.d4 d5 2.Nf3 Nf6 3.c4 e6 4.cxd5 exd5 5.Nc3 Be7 6.Bg5 O-O 7.e3
c6 8.Bd3 Nbd7 9.Qc2 Re8 10.O-O Nf8 1/2-1/2

[Event "Moscow Open 2009 A"]
[Site ""]
[Date "2009.02.08"]
[Round "9.60"]
[White "Shurunov, Arseny"]
[Black "Sharafiev, Azat"]
[Result "0-1"]
[WhiteElo "2105"]
[BlackElo "2421"]
[Annotator ""]
[Source ""]
[Remark ""]

1.e4 c5 2.Nf3 Nc6 3.d4 cxd4 4.Nxd4 Qb6 5.Nb3 e6 6.Be3 Qc7 7.Bd3
Nf6 8.O-O a6 9.Nc3 b5 10.a3 Bb7 11.f4 h5 12.h3 d6 13.Qd2 Be7
14.Rae1 Nd7 15.Qf2 Bf6 16.Nd4 Nxd4 17.Bxd4 Bxd4 18.Qxd4 Qc5 19.Qxc5
Nxc5 20.Rd1 Ke7 21.Kf2 h4 22.Ke3 g5 23.f5 exf5 24.Rxf5 f6 25.Rdf1
Rhf8 26.Ne2 Rae8 27.b4 Ne6 28.a4 Ng7 29.R5f2 bxa4 30.Ra1 Kd7
31.b5 f5 32.Rxa4 d5 33.bxa6 Bc6 34.Rb4 dxe4 35.Bb5 f4+ 36.Kd4
Nf5+ 37.Kc3 Bxb5 38.Rxb5 Re6 39.Rb7+ Kc6 40.Nd4+ Nxd4 41.Kxd4
Rd8+ 42.Kc3 e3 43.Re2 Re5 44.Rb3 Ra5 45.Kb2 Rxa6 0-1

[Event "Moscow Open 2009 A"]
[Site ""]
[Date "2009.02.08"]
[Round "9.61"]
[White "Zhang, Zhong"]
[Black "Orlinkov, Maxim L"]
[Result "1-0"]
[WhiteElo "2656"]
[BlackElo "2385"]
[Annotator ""]
[Source ""]
[Remark ""]

1.d4 g6 2.e4 Bg7 3.Nc3 d6 4.Bg5 a6 5.a4 b6 6.f4 Nc6 7.d5 Nd4
8.h3 c5 9.dxc6 Nxc6 10.Nf3 Be6 11.g4 Nf6 12.f5 Bd7 13.Bc4 b5
14.axb5 axb5 15.Rxa8 Qxa8 16.Nxb5 O-O 17.Nc3 Rb8 18.Be2 Nb4 19.O-O
gxf5 20.exf5 Bc6 1-0

[Event "Moscow Open 2009 A"]
[Site ""]
[Date "2009.02.08"]
[Round "9.62"]
[White "Bocharov, Dmitry"]
[Black "Ozolin, Maxim"]
[Result "1/2-1/2"]
[WhiteElo "2647"]
[BlackElo "2377"]
[Annotator ""]
[Source ""]
[Remark ""]

1.d4 Nf6 2.c4 g6 3.Nf3 Bg7 4.g3 O-O 5.Bg2 d6 6.O-O Nbd7 7.Nc3
e5 8.e4 c6 9.h3 a5 10.Be3 a4 11.b4 axb3 12.axb3 Rxa1 13.Qxa1
exd4 14.Nxd4 Re8 15.Qb1 Qa5 16.b4 Qa3 17.Rc1 Ne5 18.Bf1 h5 19.Kg2
h4 20.g4 Qa8 21.Be2 d5 22.cxd5 cxd5 23.Nxd5 Nxd5 24.exd5 b6 25.Nc6 1/2-1/2

[Event "Moscow Open 2009 A"]
[Site ""]
[Date "2009.02.08"]
[Round "9.63"]
[White "Kharitonov, Andrei V"]
[Black "Popilski, Gil"]
[Result "1/2-1/2"]
[WhiteElo "2563"]
[BlackElo "2348"]
[Annotator ""]
[Source ""]
[Remark ""]

1.d4 Nf6 2.Nf3 g6 3.c4 Bg7 4.g3 d5 5.cxd5 Nxd5 6.Bg2 O-O 7.O-O
Nb6 8.Nc3 Nc6 9.e3 Re8 10.d5 Na5 11.Nd4 Bd7 12.b3 c6 13.dxc6
Nxc6 1/2-1/2

[Event "Moscow Open 2009 A"]
[Site ""]
[Date "2009.02.08"]
[Round "9.64"]
[White "Vasiukov, Evgeni"]
[Black "Matinian, Nikita"]
[Result "1-0"]
[WhiteElo "2515"]
[BlackElo "2361"]
[Annotator ""]
[Source ""]
[Remark ""]

1.e4 e5 2.Bc4 Nf6 3.d3 Nc6 4.Nf3 Bc5 5.O-O d6 6.c3 a6 7.a4 h6
8.Nbd2 Ba7 9.a5 O-O 10.Bb3 Nh5 11.Nc4 Qf6 12.Ne3 Nf4 13.Kh1 Ne7
14.d4 c6 15.Bc2 Be6 16.b3 Rad8 17.Bb2 {Íåðàçáîð÷èâàÿ íîòàöèÿ} 1-0

[Event "Moscow Open 2009 A"]
[Site ""]
[Date "2009.02.08"]
[Round "9.65"]
[White "Ulko, Jaroslav"]
[Black "Zolotukhin, Valery"]
[Result "0-1"]
[WhiteElo "2501"]
[BlackElo "2358"]
[Annotator ""]
[Source ""]
[Remark ""]

1.e4 c5 2.Nf3 Nc6 3.d4 cxd4 4.Nxd4 Nf6 5.Nc3 d6 6.Bg5 e6 7.Qd2
a6 8.O-O-O h6 9.Be3 Bd7 10.f4 Qc7 11.Bd3 Na5 12.Nf3 b5 13.Bd4
b4 14.e5 bxc3 15.Bxc3 Nc4 16.Bxc4 Ne4 17.Qd3 d5 18.Bb3 Nxc3 19.Qxc3
Qxc3 20.bxc3 Ba3+ 21.Kd2 a5 22.c4 a4 23.cxd5 axb3 24.dxe6 Bxe6
25.axb3 Ke7 0-1

[Event "Moscow Open 2009 A"]
[Site ""]
[Date "2009.02.08"]
[Round "9.66"]
[White "Pushkov, Nikolai"]
[Black "Kremenietsky, Anatoly M"]
[Result "0-1"]
[WhiteElo "2486"]
[BlackElo "2346"]
[Annotator ""]
[Source ""]
[Remark ""]

1.d4 Nf6 2.c4 g6 3.Nc3 Bg7 4.e4 d6 5.Nf3 O-O 6.Be2 e5 7.O-O Na6
8.Be3 Qe8 9.dxe5 dxe5 10.h3 b6 11.a3 Bb7 12.Qc2 c6 13.b4 Qe7
14.Rfd1 Nc7 15.c5 b5 16.Rd6 Rfd8 17.Rad1 Nfe8 18.Bg5 f6 19.Qa2+
Kf8 20.Rxd8 Rxd8 21.Be3 Bc8 22.Ra1 Ne6 23.a4 a6 24.axb5 axb5
25.Qa5 Nd4 26.Qb6 Be6 27.Ra7 Rd7 28.Ra8 Rb7 29.Nxd4 exd4 30.Qxc6
Rd7 31.Bxd4 Rxd4 32.Nxb5 Bd7 33.Qb6 Rxe4 34.Bf3 Rxb4 35.c6 Bf5
36.Qb8 Bh6 37.g3 Rb1+ 38.Kh2 Qe1 0-1

[Event "Moscow Open 2009 A"]
[Site ""]
[Date "2009.02.08"]
[Round "9.68"]
[White "Gabrielian, Artur"]
[Black "Airapetian, Gor"]
[Result "1/2-1/2"]
[WhiteElo "2472"]
[BlackElo "2346"]
[Annotator ""]
[Source ""]
[Remark ""]

1.d4 Nf6 2.c4 e6 3.Nc3 Bb4 4.Qc2 O-O 5.e4 d6 6.Nf3 e5 7.Be2 Nbd7
8.O-O Bxc3 9.bxc3 b6 10.c5 bxc5 11.dxe5 dxe5 12.Rb1 Qe7 13.Ba3
Nb6 14.Rb5 Nfd7 1/2-1/2

[Event "Moscow Open 2009 A"]
[Site ""]
[Date "2009.02.08"]
[Round "9.69"]
[White "Belov, Igor"]
[Black "Demidov, Mikhail"]
[Result "1/2-1/2"]
[WhiteElo "2460"]
[BlackElo "2288"]
[Annotator ""]
[Source ""]
[Remark ""]

1.Nf3 e6 2.c4 Nf6 3.Nc3 d5 4.d4 Be7 5.Bg5 O-O 6.e3 h6 7.Bh4 b6
8.Bd3 Bb7 9.O-O Nbd7 10.Bg3 c5 11.Qe2 Ne4 12.cxd5 exd5 13.Rad1
Nxg3 14.hxg3 c4 15.Bb1 Re8 16.Rfe1 Bd6 17.b3 Rc8 18.bxc4 Rxc4
19.Rc1 Bb4 20.Qd3 g6 21.Nd2 Rc7 22.Ne2 Nf6 23.Rxc7 Qxc7 24.Rc1 1/2-1/2

[Event "Moscow Open 2009 A"]
[Site ""]
[Date "2009.02.08"]
[Round "9.70"]
[White "Kargin, Arseny"]
[Black "Petrushin, Alexander I"]
[Result "0-1"]
[WhiteElo "2389"]
[BlackElo "2455"]
[Annotator ""]
[Source ""]
[Remark ""]

1.e4 c5 2.Nf3 d6 3.d4 cxd4 4.Nxd4 Nf6 5.Nc3 a6 6.Be3 e6 7.g4
b5 8.g5 Nfd7 9.Qd2 Bb7 10.O-O-O b4 11.Nce2 Bxe4 12.Rg1 Qc7 13.f4
Nc5 14.Kb1 Nbd7 15.Ng3 d5 16.Bg2 Bxg2 17.Qxg2 g6 18.f5 gxf5 19.Ngxf5
Nb6 20.Nb3 Ne4 21.Rgf1 Nc4 22.Bf4 Qb6 23.Rfe1 Qf2 24.Qxf2 Nxf2
25.Rxd5 Rd8 26.Rxd8+ Kxd8 27.Nfd4 Nh3 28.Nc6+ Kd7 29.Ne5+ Nxe5
30.Bxe5 Rg8 31.Bf6 Be7 0-1

[Event "Moscow Open 2009 A"]
[Site ""]
[Date "2009.02.08"]
[Round "9.71"]
[White "Shukh, Nikolai"]
[Black "Robson, Ray"]
[Result "0-1"]
[WhiteElo "2364"]
[BlackElo "2455"]
[Annotator ""]
[Source ""]
[Remark ""]

1.e4 c5 2.Nf3 d6 3.d4 cxd4 4.Nxd4 Nf6 5.Nc3 e6 6.Be3 Nc6 7.Bc4
Be7 8.Qe2 a6 9.O-O-O Qc7 10.Bb3 Na5 11.Kb1 b5 12.Qf3 Nxb3 13.cxb3
Bb7 14.Bg5 O-O 15.Bxf6 Bxf6 16.Qd3 b4 17.Nce2 d5 18.Ng3 Rfd8
19.Qc2 Qxc2+ 20.Kxc2 dxe4 0-1

[Event "Moscow Open 2009 A"]
[Site ""]
[Date "2009.02.08"]
[Round "9.72"]
[White "Filipenko, Alexander V"]
[Black "Pugachov, Alexey"]
[Result "0-1"]
[WhiteElo "2360"]
[BlackElo "2450"]
[Annotator ""]
[Source ""]
[Remark ""]

1.e4 c5 2.Nf3 e6 3.d4 cxd4 4.Nxd4 a6 5.Bd3 Bc5 6.Nb3 Be7 7.O-O
d6 8.Qg4 g6 9.Qe2 Nd7 10.f4 Qc7 {Íåðàçáîð÷èâàÿ çàïèñü} 0-1

[Event "Moscow Open 2009 A"]
[Site ""]
[Date "2009.02.08"]
[Round "9.73"]
[White "Iljiushenok, Ilia"]
[Black "Ziatdinov, Raset"]
[Result "1-0"]
[WhiteElo "2360"]
[BlackElo "2440"]
[Annotator ""]
[Source ""]
[Remark ""]

1.e4 c5 2.Nf3 e6 3.d4 cxd4 4.Nxd4 Nf6 5.Nc3 d6 6.Be2 Be7 7.O-O
Nc6 8.Be3 O-O 9.f4 Bd7 10.Kh1 Nxd4 11.Bxd4 Bc6 12.Bd3 d5 13.e5
Ne4 14.Qe2 Nxc3 15.bxc3 Qa5 16.f5 exf5 17.Rxf5 Bd7 18.e6 fxe6
19.Qg4 e5 20.Rxf8+ Bxf8 21.Qh5 h6 22.Rf1 Bb5 23.Qf7+ 1-0

[Event "Moscow Open 2009 A"]
[Site ""]
[Date "2009.02.08"]
[Round "9.75"]
[White "Potapov, Alexey"]
[Black "Konovalov, Nikolay"]
[Result "1-0"]
[WhiteElo "2316"]
[BlackElo "2430"]
[Annotator ""]
[Source ""]
[Remark ""]

1.c4 e5 2.Nc3 Bb4 3.Nd5 a5 4.a3 Be7 5.e3 Nf6 6.Nf3 d6 7.d4 Nc6
8.Be2 O-O 9.O-O Ne8 10.b3 exd4 11.Nxe7+ Qxe7 12.Nxd4 Nxd4 13.Qxd4
Qe5 14.Bb2 Qxd4 15.Bxd4 {Íåðàçáîð÷èâàÿ íîòàöèÿ} 1-0

[Event "Moscow Open 2009 A"]
[Site ""]
[Date "2009.02.08"]
[Round "9.76"]
[White "Tarasov, Oleg"]
[Black "Appolonov, Sergey"]
[Result "1-0"]
[WhiteElo "2340"]
[BlackElo "2427"]
[Annotator ""]
[Source ""]
[Remark ""]

1.e4 e6 2.d4 d5 3.Nc3 dxe4 4.Nxe4 Nd7 5.Nf3 Ngf6 6.Bd3 c5 7.O-O
Nxe4 8.Bxe4 Qc7 9.c3 Be7 10.Re1 O-O 11.Bc2 Rd8 12.Qd3 Nf8 13.Qe4
Ng6 14.dxc5 Bxc5 15.Bg5 f6 16.Be3 Bd7 17.Bb3 Nf8 18.Bxc5 Qxc5
19.Qxb7 Bc6 20.Qc7 Rac8 21.Qf4 1-0

[Event "Moscow Open 2009 A"]
[Site ""]
[Date "2009.02.08"]
[Round "9.78"]
[White "Borisenko, Andrei"]
[Black "Kolmakov, Pavel"]
[Result "1-0"]
[WhiteElo "2415"]
[BlackElo "2284"]
[Annotator ""]
[Source ""]
[Remark ""]

1.d4 Nf6 2.g3 e6 3.Bg2 d5 4.Nf3 Be7 5.O-O O-O 6.c4 dxc4 7.Na3
c5 8.Nxc4 b5 9.Nfe5 Nd5 10.Ne3 c4 11.a4 f6 12.Nf3 Qb6 13.axb5
Qxb5 14.Qc2 Ba6 15.Bh3 Nc7 16.d5 exd5 17.Bf5 g6 18.Bxg6 hxg6
19.Qxg6+ 1-0

[Event "Moscow Open 2009 A"]
[Site ""]
[Date "2009.02.08"]
[Round "9.80"]
[White "Morev, Ivan"]
[Black "Shvedchikov, Anatoli I"]
[Result "1/2-1/2"]
[WhiteElo "2249"]
[BlackElo "2409"]
[Annotator ""]
[Source ""]
[Remark ""]

1.e4 e6 2.d4 d5 3.Nd2 dxe4 4.Nxe4 Bd7 5.Nf3 Bc6 6.Bd3 Nd7 7.O-O
Ngf6 8.Re1 Be7 9.Qe2 O-O 10.Neg5 Bxf3 1/2-1/2

[Event "Moscow Open 2009 A"]
[Site ""]
[Date "2009.02.08"]
[Round "9.81"]
[White "Zhadanov, Vasili B"]
[Black "Gritsenko, Andrey"]
[Result "0-1"]
[WhiteElo "2233"]
[BlackElo "2403"]
[Annotator ""]
[Source ""]
[Remark ""]

1.e4 c5 2.Nf3 d6 3.d4 cxd4 4.Nxd4 Nf6 5.Nc3 a6 6.Be3 e5 7.Nf3
Be7 8.Bc4 O-O 9.O-O Be6 10.Bb3 Nc6 11.Bg5 Rc8 12.Bxf6 Bxf6 13.h3
Na5 14.Re1 Be7 15.Qd3 Nxb3 16.axb3 Qc7 17.Re2 Qc6 18.Ra4 Bf6
19.Qe3 {Íåðàçáîð÷èâàÿ çàïèñü} 0-1

[Event "Moscow Open 2009 A"]
[Site ""]
[Date "2009.02.08"]
[Round "9.82"]
[White "Reshetnikov, Alexey"]
[Black "Yarmolenko, Evgeny"]
[Result "1-0"]
[WhiteElo "2397"]
[BlackElo "2211"]
[Annotator ""]
[Source ""]
[Remark ""]

1.e4 c5 2.Nf3 Nc6 3.Bb5 Nd4 4.Bc4 e6 5.Nc3 Nf6 6.O-O d5 7.exd5
exd5 8.Re1+ Be7 9.Nxd5 Nxd5 10.Nxd4 O-O 11.Nf3 Bf6 12.h3 Nb6
13.Bf1 Bf5 14.c3 Rc8 15.d3 Qd6 16.Bg5 Bxg5 17.Nxg5 Rfd8 18.Ne4
Qg6 19.Qf3 h6 20.Rad1 Be6 21.b3 Bd5 {Íåðàçáîð÷èâàÿ íîòàöèÿ!!} 1-0

[Event "Moscow Open 2009 A"]
[Site ""]
[Date "2009.02.08"]
[Round "9.83"]
[White "Barsamian, Eduard"]
[Black "Paveliev, Alexey"]
[Result "0-1"]
[WhiteElo "2138"]
[BlackElo "2396"]
[Annotator ""]
[Source ""]
[Remark ""]

1.d4 Nf6 2.c4 e6 3.Nc3 Bb4 4.Qc2 d5 5.e3 Nbd7 6.a3 Be7 7.Nf3
b6 8.cxd5 exd5 9.b4 c5 10.bxc5 bxc5 11.dxc5 Nxc5 12.Be2 O-O 13.O-O
Be6 14.Nb5 a6 15.Nbd4 Rc8 16.Qa2 Nfe4 17.Bb2 Na4 18.Bxa6 Rb8
19.Bb5 Bd7 20.Bxa4 Bxa4 21.Rac1 Bf6 22.Ba1 Qd7 23.Rb1 Rxb1 24.Rxb1
Rc8 25.h3 h6 26.Ne1 Be5 27.Ne2 Bd6 28.Bd4 Bb5 29.Qa1 f6 30.a4
Ng5 31.f4 Ne4 32.a5 0-1

[Event "Moscow Open 2009 A"]
[Site ""]
[Date "2009.02.08"]
[Round "9.85"]
[White "Gurevich, Dmitry"]
[Black "Rozanov, Pavel B"]
[Result "1-0"]
[WhiteElo "2507"]
[BlackElo "2306"]
[Annotator ""]
[Source ""]
[Remark ""]

1.d4 Nf6 2.c4 c5 3.Nf3 cxd4 4.Nxd4 Nc6 5.Nc3 g6 6.e4 Nxd4 7.Qxd4
d6 8.Be3 Bg7 9.f3 O-O 10.Qd2 a5 11.Rc1 a4 12.Be2 Qa5 13.O-O Be6
14.Nd5 Bxd5 15.Qxa5 Rxa5 16.cxd5 Nd7 17.Rc7 Nc5 18.Rb1 b5 19.Bd2
Raa8 20.Rxe7 Rfc8 21.Bf4 Bf8 22.Bxd6 Bxe7 23.Bxe7 b4 24.Bb5 b3
25.a3 Ra7 26.Bf6 Ra5 27.Bc6 Nd3 28.Rd1 Nf4 29.d6 Ne6 30.Bd7 1-0

[Event "Moscow Open 2009 A"]
[Site ""]
[Date "2009.02.08"]
[Round "9.86"]
[White "Nyzhnyk, Illya"]
[Black "Osmolny, Vladimir I"]
[Result "1/2-1/2"]
[WhiteElo "2503"]
[BlackElo "2306"]
[Annotator ""]
[Source ""]
[Remark ""]

1.e4 c5 2.Nf3 Nf6 3.e5 Nd5 4.Nc3 e6 5.Ne4 f5 6.exf6 Nxf6 7.Nxf6+
Qxf6 8.d4 Nc6 9.Bg5 Qf7 10.Be3 cxd4 11.Nxd4 Nxd4 12.Qxd4 Be7
13.Bd3 Bf6 14.Qb4 b6 15.O-O-O Bb7 16.Bb5 O-O-O 17.f3 d5 18.Bf4
e5 19.Bg3 h5 20.Rhe1 Qc7 21.Rd3 d4 22.Qc4 Rd5 23.Qxc7+ Kxc7 1/2-1/2

[Event "Moscow Open 2009 A"]
[Site ""]
[Date "2009.02.08"]
[Round "9.87"]
[White "Belous, Vladimir"]
[Black "Haroutjunian, Dmitri"]
[Result "1-0"]
[WhiteElo "2431"]
[BlackElo "2288"]
[Annotator ""]
[Source ""]
[Remark ""]

1.d4 Nf6 2.c4 e6 3.Nc3 Bb4 4.Qc2 d5 5.a3 Bxc3+ 6.Qxc3 Ne4 7.Qc2
c5 8.dxc5 Nc6 9.e3 Qa5+ 10.Bd2 Qxc5 11.b4 Qe7 12.Nf3 O-O 13.Rd1
Nxd2 14.Rxd2 dxc4 15.Bxc4 Bd7 16.O-O Rac8 17.Qe4 Rfd8 18.h4 Be8
19.Rc2 a5 20.b5 Nb8 21.h5 Rc5 22.h6 Bxb5 23.Bxb5 Rxb5 24.Nd4
Rbd5 25.Rfc1 Na6 1-0

[Event "Moscow Open 2009 A"]
[Site ""]
[Date "2009.02.08"]
[Round "9.88"]
[White "Sek, Konstantin"]
[Black "Gaspariants, Garry"]
[Result "1-0"]
[WhiteElo "2417"]
[BlackElo "2268"]
[Annotator ""]
[Source ""]
[Remark ""]

1.e4 e5 2.Nc3 Nf6 3.Bc4 Bc5 4.d3 d6 5.f4 O-O 6.Nf3 Ng4 7.f5 Nd7
8.Qe2 Nh6 9.Ng5 Bf2+ 10.Kf1 Bh4 11.Qh5 Bxg5 12.Bxg5 Qxg5 13.Qxg5 1-0

[Event "Moscow Open 2009 A"]
[Site ""]
[Date "2009.02.08"]
[Round "9.89"]
[White "Morozov, Grigoriy"]
[Black "Chernobay, Artem"]
[Result "1/2-1/2"]
[WhiteElo "2306"]
[BlackElo "2414"]
[Annotator ""]
[Source ""]
[Remark ""]

1.d4 Nf6 2.c4 g6 3.Nc3 Bg7 4.e4 d6 5.f4 O-O 6.Nf3 e5 7.dxe5 dxe5
8.Qxd8 Rxd8 9.Nxe5 Nxe4 10.Nxe4 f6 11.Nxf6+ Bxf6 1/2-1/2

[Event "Moscow Open 2009 A"]
[Site ""]
[Date "2009.02.08"]
[Round "9.90"]
[White "Syrchikov, Alexander"]
[Black "Kotenko, Pavel"]
[Result "0-1"]
[WhiteElo "2261"]
[BlackElo "2398"]
[Annotator ""]
[Source ""]
[Remark ""]

1.Nf3 Nf6 2.c4 g6 3.Nc3 Bg7 4.e4 d6 5.d4 O-O 6.Be2 e5 7.dxe5
dxe5 8.Qxd8 Rxd8 9.Bg5 Nbd7 10.O-O-O Rf8 11.Nd5 c6 12.Nxf6+ Nxf6
13.Nd2 Re8 14.f3 Nd7 15.Be3 Bf8 16.Nb3 b6 17.g4 Be7 18.h4 Nf8
19.c5 Be6 20.Kc2 Nd7 21.cxb6 axb6 22.a3 b5 23.Nc1 Reb8 24.f4
exf4 25.Bxf4 Rb7 26.g5 b4 27.Bd6 Bxd6 28.Rxd6 bxa3 29.bxa3 c5
30.h5 gxh5 31.Bxh5 0-1

[Event "Moscow Open 2009 A"]
[Site ""]
[Date "2009.02.08"]
[Round "9.91"]
[White "Yuferov, Sergey N"]
[Black "Kozlov, Gennady"]
[Result "1-0"]
[WhiteElo "2392"]
[BlackElo "2257"]
[Annotator ""]
[Source ""]
[Remark ""]

1.d4 Nf6 2.c4 e6 3.Nf3 b6 4.g3 Bb7 5.Bg2 Be7 6.O-O O-O 7.Nc3
Ne4 8.Nxe4 Bxe4 9.Ne1 Bxg2 10.Nxg2 f5 11.Bd2 Bf6 12.Bc3 d6 13.e4
fxe4 14.Qg4 Qd7 15.Qxe4 d5 16.Qe2 Nc6 17.Rad1 Rae8 18.Ne3 dxc4
19.Qxc4 Kh8 20.d5 Ne5 21.Qe4 Nf3+ 22.Kg2 Bxc3 23.bxc3 exd5 24.Qxd5
Qe7 25.Nf5 Qe6 26.Qxe6 Rxe6 27.Rd7 Ref6 28.Ne3 R6f7 29.Rfd1 g6
30.h4 Ne1+ 31.Kf1 Nc2 32.Ng4 h5 33.R7d2 hxg4 34.Rxc2 g5 1-0

[Event "Moscow Open 2009 A"]
[Site ""]
[Date "2009.02.08"]
[Round "9.92"]
[White "Dubov, Daniil"]
[Black "Chudinovskikh, Alexander M"]
[Result "1-0"]
[WhiteElo "2308"]
[BlackElo "2379"]
[Annotator ""]
[Source ""]
[Remark ""]

1.e4 e5 2.Nf3 Nc6 3.Bc4 Nf6 4.d3 Be7 5.O-O O-O 6.Bb3 d6 7.c3
d5 8.Qe2 Re8 9.Nbd2 b6 10.exd5 Nxd5 11.d4 Bb7 12.Qb5 Nf4 13.Qc4
Rf8 14.dxe5 Nd3 15.e6 Na5 16.exf7+ Kh8 17.Qg4 Nxb3 18.Nxb3 Nxc1
19.Raxc1 Rxf7 20.Rcd1 Bd6 21.Ng5 Rf6 22.f4 Qg8 23.f5 Re8 24.Nd4
Rh6 25.h3 Qf8 26.Nde6 1-0

[Event "Moscow Open 2009 A"]
[Site ""]
[Date "2009.02.08"]
[Round "9.93"]
[White "Onoprienko, Vladimir"]
[Black "Dimukhametov, Artur"]
[Result "1-0"]
[WhiteElo "2372"]
[BlackElo "2250"]
[Annotator ""]
[Source ""]
[Remark ""]

1.e4 c5 2.Nc3 a6 3.Nf3 b5 4.d4 e6 5.dxc5 Bxc5 6.Bd3 Qb6 7.O-O
Bb7 8.a4 b4 9.a5 Qc7 10.Na4 Ba7 11.Nd2 d5 12.exd5 Bxd5 13.Qg4
Nf6 14.Qxb4 Nc6 15.Qh4 Qxa5 16.Nc4 Qd8 17.Ne3 h6 18.Nxd5 Nxd5
19.Qh3 Qf6 20.Nc3 Nxc3 21.bxc3 Bc5 22.Bb5 e5 23.Rxa6 Rxa6 24.Bxa6
O-O 25.Bd3 Rd8 26.Qg4 Ne7 27.Qe4 Nd5 28.Bd2 Nf4 29.Be3 Bxe3 30.Qxe3 1-0

[Event "Moscow Open 2009 A"]
[Site ""]
[Date "2009.02.08"]
[Round "9.94"]
[White "Kulakov, Viacheslav"]
[Black "Omariev, Maksim"]
[Result "0-1"]
[WhiteElo "2360"]
[BlackElo "2248"]
[Annotator ""]
[Source ""]
[Remark ""]

1.d4 d5 2.Bg5 h6 3.Bh4 c6 4.c3 Bf5 5.e3 Qb6 6.b3 Nd7 7.Nf3 e6
8.Bd3 Bxd3 9.Qxd3 Ngf6 10.Nbd2 c5 11.O-O Be7 12.Ne5 Nxe5 13.dxe5
Ng8 14.Bxe7 Nxe7 15.e4 Rd8 16.exd5 Rxd5 17.Qe2 O-O 18.Nc4 Qa6
19.f4 Rfd8 20.Qc2 Nf5 21.a4 h5 22.Rad1 Qc6 23.Qe2 h4 24.a5 Qb5
25.Qc2 Qd7 26.Rb1 Qc6 27.Rbd1 h3 28.gxh3 Qd7 29.Rb1 Rd3 30.Nd6
Rxd6 31.exd6 Ne3 32.Qe4 Nxf1 33.Rxf1 Qxd6 34.Qxb7 Qd2 35.Qf3
Rd3 36.Qa8+ Kh7 37.Qe4+ g6 38.b4 Rxc3 39.Qb7 Kg7 40.Rf2 Rc1+
41.Kg2 Qe1 0-1

[Event "Moscow Open 2009 A"]
[Site ""]
[Date "2009.02.08"]
[Round "9.95"]
[White "Onoprijchuk, Boris"]
[Black "Venevtsev, Andrey"]
[Result "1-0"]
[WhiteElo "2358"]
[BlackElo "2230"]
[Annotator ""]
[Source ""]
[Remark ""]

1.e4 e6 2.d4 d5 3.Nd2 c5 4.exd5 exd5 5.Ngf3 Nc6 6.Bb5 Qe7+ 7.Be2
g5 8.O-O g4 9.Ne5 Nxd4 10.Bxg4 Bxg4 11.Nxg4 O-O-O 12.Re1 Ne6
13.Nf3 Qc7 14.c4 dxc4 15.Qa4 Kb8 16.Qxc4 h5 17.Nge5 Nh6 18.Nxf7
Nxf7 19.Qxe6 Bd6 20.Qh3 Ne5 21.Nxe5 Bxe5 22.Bg5 Rdg8 23.Bh4 Ka8
24.Bg3 Bxg3 25.hxg3 Rg4 26.Rad1 Qg7 27.Qxh5 a6 28.Re8+ Rxe8 29.Qxe8+
Ka7 $8 1-0

[Event "Moscow Open 2009 A"]
[Site ""]
[Date "2009.02.08"]
[Round "9.96"]
[White "Ajrapetian, Gevorg"]
[Black "Baghdasaryan, Vahe"]
[Result "1-0"]
[WhiteElo "2350"]
[BlackElo "2246"]
[Annotator ""]
[Source ""]
[Remark ""]

1.e4 c5 2.Nf3 e6 3.d4 cxd4 4.Nxd4 Nc6 5.Nxc6 bxc6 6.Bd3 Nf6 7.O-O
d5 8.Nd2 Be7 9.b3 O-O 10.Bb2 a5 11.c4 a4 12.Rc1 a3 13.Ba1 Bb7
14.Qc2 h6 15.c5 Ba6 16.Bxa6 Rxa6 17.b4 Qc7 18.e5 Nd7 19.f4 f6
20.Nf3 fxe5 21.Qg6 Nf6 22.fxe5 Ne4 23.Qxe6+ Kh7 24.Nd4 Ng5 25.Qg4
Rxf1+ 26.Rxf1 Qxe5 27.Nf5 Qe6 28.h4 Ra4 29.hxg5 1-0

[Event "Moscow Open 2009 A"]
[Site ""]
[Date "2009.02.08"]
[Round "9.97"]
[White "Nazaryev, Sergey"]
[Black "Egorov, Dmitry"]
[Result "1/2-1/2"]
[WhiteElo "2236"]
[BlackElo "2346"]
[Annotator ""]
[Source ""]
[Remark ""]

1.e4 d6 2.d4 Nf6 3.Nc3 g6 4.h3 Bg7 5.Nf3 O-O 6.Bg5 c6 7.Qd2 b5
8.a3 Qa5 9.Bd3 Nbd7 10.O-O e5 11.d5 cxd5 12.Nxd5 Qxd2 13.Nxf6+
Bxf6 14.Bxd2 1/2-1/2

[Event "Moscow Open 2009 A"]
[Site ""]
[Date "2009.02.08"]
[Round "9.98"]
[White "Kovalev, Vladislav"]
[Black "Pichugin, Andrei"]
[Result "1/2-1/2"]
[WhiteElo "2330"]
[BlackElo "2221"]
[Annotator ""]
[Source ""]
[Remark ""]

1.e4 c5 2.Nf3 Nc6 3.Nc3 e5 4.Bc4 d6 5.d3 h6 6.O-O Nf6 7.Nh4 g5
8.Nf5 Bxf5 9.exf5 Qd7 10.Nd5 Nxd5 11.Bxd5 Qxf5 12.c3 Bg7 13.Qb3
Qd7 14.a4 O-O 15.h4 gxh4 16.f4 exf4 17.Bxf4 Ne5 18.Bxe5 dxe5
19.Rf3 Rad8 20.Be4 Qe6 21.c4 Qg4 22.Raf1 b6 23.Qc2 Kh8 24.Rxf7
h3 25.Rxf8+ Rxf8 26.Rxf8+ Bxf8 27.Qf2 Kg7 28.g3 Be7 29.Kh2 Bg5
30.Bd5 Bf6 31.b3 h5 32.Bf3 1/2-1/2

[Event "Moscow Open 2009 A"]
[Site ""]
[Date "2009.02.08"]
[Round "9.99"]
[White "Konovalov, Vladislav"]
[Black "Mikheev, Stanislav"]
[Result "0-1"]
[WhiteElo "2208"]
[BlackElo "2321"]
[Annotator ""]
[Source ""]
[Remark ""]

1.Nf3 Nf6 2.c4 g6 3.Nc3 d5 4.cxd5 Nxd5 5.g3 Bg7 6.Bg2 O-O 7.O-O
c5 8.d3 Nc6 9.Ng5 Nxc3 10.bxc3 Bxc3 11.Rb1 Qa5 12.Ne4 Bg7 13.Bd2
Qa3 14.Rb3 Qxa2 15.Nxc5 a5 16.Nxb7 a4 17.Rb5 Bxb7 18.Bd5 Qa3
19.Rxb7 Rfc8 20.Qb1 e6 21.Bg2 Qf8 22.e3 a3 23.Qa2 Bb2 24.d4 Qd6
25.d5 Nd8 26.dxe6 Nxb7 27.exf7+ Kg7 28.Bxb7 Qxd2 29.Qe6 Qd8 30.f8N
Qxf8 0-1

[Event "Moscow Open 2009 A"]
[Site ""]
[Date "2009.02.08"]
[Round "9.100"]
[White "Oparin, Grigoriy"]
[Black "Nikitin, Yuri"]
[Result "1-0"]
[WhiteElo "2189"]
[BlackElo "2319"]
[Annotator ""]
[Source ""]
[Remark ""]

1.e4 e5 2.Bc4 Nf6 3.d3 d5 4.exd5 Nxd5 5.Nf3 Nc6 6.O-O Bg4 7.h3
Bh5 8.Re1 Be7 9.g4 Bg6 10.Nxe5 Nxe5 11.Rxe5 Nb6 12.Qe2 Kf8 13.Be3
Bf6 14.Bc5+ Kg8 15.Be7 Qd4 16.Re3 h5 17.c3 Qf4 18.Bxf6 gxf6 19.Nd2
Kg7 20.Qf3 Qxf3 21.Nxf3 Nxc4 22.dxc4 hxg4 23.hxg4 Rad8 24.Rae1
Rd7 25.c5 c6 26.Kg2 Rhd8 27.Nd4 1-0